000 01536 a2200229 4500
001 25236
005 20260407155536.0
008 260407a1984 arg spa d
003 AR-UNSa-BCEJYS
040 _aAR-UNSa-BCEJYS
_bspa
_cAR-UNSa-BCEJYS
080 _a347.72.04
_xModificación legal de las condiciones de la sociedad. Extinción. Disolución. Liquidación. Reconstitución. Fusión
245 1 0 _aReorganizaciones empresariales libres de impuestos
020 _a950-527-013-3
264 1 _aBuenos Aires :
_bLa Ley
_c1984
300 _a176 p.
_c24 cm.
505 _a1. La reorganización empresaria - 2. La fusión - 3. La división o escisión de empresas - 4. Ventas y transferencias en conjunto económico - 5. La transformación societaria como acto fiscal de reorganización - 6. Traslado de los derechos y obligaciones fiscales - 7. La reorganización empresaria frente a otros impuestos nacionales - 8. La reorganización empresaria frente a los gravamenes locales - 9. Efectivización de los beneficios fiscales - 10. Otros efectos de la reorganización - 11. Reorganizaciones empresariales libres de impuestos a nivel internacional - 12. Reorganizaciones empresariales libres de impuestos en el derecho comparado - Apéndice.
041 _aspa
942 _cBK
590 _aniveau_biblio:m niveau_hierar:0
100 1 _aAsorey, Rubén Oscar
856 4 1 _uhttps://biblioeco.unsa.edu.ar/pmb/images/libros/Reorganizaciones empresariales libres de impuestos Asorey, Rub?n O. (1984).jpg
_yImagen de portada
_qimage/jpeg
999 _c1343
_d1343